00486nam a2200181Ia 4500008004100000020001800041050001600059100001600075245002400091245005000115260002000165260002800185260000900213300001500222300002800237300001000265300002900275170918s9999 xx 000 0 und d a9781444000702 bC652gr 2010 aCoats, Lucy 4aThe fire breather / cby Lucy Coats ; illustrated by Anthony Lewis. aGreat Britain : bOrion Children's Books, c2010 a79 pages : bcolored illustrations ; c19cm. eGreek beasts and heroes.